000 02528cam a22004934i 4500
003 PE-LiUPU
005 20250731173134.0
008 150623s2003 flu r 000 0 spa d
020 _a0789910756
035 _a(Sirsi) i9780789910752
040 _aPE-LiUPU
_bspa
_cPE-LiUPU
_erda
049 _aPRUA
082 0 4 _a241.66
_bA78B
_221
100 1 _aArterburn, Stephen,
_eautor.
245 1 3 _aLa batalla de cada hombre joven :
_bestratégias para la victoria en el mundo real de la tentación sexual /
_cStephen Arterburn; Fred Stoeker..[et al.].
264 1 _aMiami, Florida :
_bEditorial Unilit,
_c2003.
300 _a252 páginas ;
_c21 centímetros
336 _atext
_2rdacontent
337 _aunmediated
_2rdamedia
338 _avolume
_2rdacarrier
505 0 _aDedicatoria y reconocimientos -- Rompe el código del silencio. ¿Dónde estamos? -- Cuando el fútbol era rey -- La distancia de Dios -- Ser uno con Dios -- Nadie se escapa de la isla de la aventura -- Opta por la auténtica hombría -- Tú puedes elegir la verdadera hombría -- ¿Qué vas a ser? -- La masturbación -- La larga caída de Steve -- Todo sobre la palabra con M -- La vista desde arriba -- ¿Qué reemplazas con la masturbación? -- El sumo de tú impulso sexual -- Establece tus defensas -- Desarrolla tu plan de batalla -- Tu espada y tu escudo. ¿qué te puede retrasar? -- Mantente enfocado en la meta. ¿qué ganarás? Tu mente de potro. El honor sexual. Amor por su padre. ¿Qué piensan las chicas? ¿Estás listo para el reto? -- Una importante discusión adicional -- Cuando tus sentimientos son por otros hombres.
526 _aSEG42
526 _aSEG41
526 _aSEG40
526 _aSEG39
526 _aP94
526 _aP87
526 _aP86
526 _aP85
526 _aP77
526 _aP76
526 _aP35
650 0 4 _aCristianos
_xVida religiosa.
650 0 4 _aSexo
_xCristianismo (Casos).
650 0 4 _aTentación
_xCasos.
700 1 _aStoeker, Fred
700 1 _aYorkey, Mike.
942 _2ddc
_cBOOK
949 _a241.66 A78B
_wDEWEY
_c1
_i53042
_d2015-10-15
_e2015-10-14
_lCCODEBUL1
_mBUL
_n4
_p10.00
_r0
_sY
_tBOOK
_u2015-6-24
_xTEOLOGIA
_PP35
_0COMPRA
_o.STAFF. Colección General
994 _aC0
_bPEPRU
596 _a1
999 _a241.66 A78B
_wDEWEY
_c33797
_i53042
_d33797
_e2018-9-11
_f2021-11-11
_g5
_lCCODEBUL1
_mBUL
_n6
_p10.00
_q3
_r0
_sY
_tBOOK
_u2015-6-24
_xTEOLOGIA
_PP35
_0COMPRA
_o.STAFF. Colección Teología
980 _81
_gALBERTO SANCHEZ Responsable de Automatización